00689nam a2200133Ia 4500008004100000020001800041245011500059260003900174650001400213650017300227856004500400999001900445952009100464171212s9999 xx 000 0 und d a9780874216172 ceditor Mcgee, Sharon James;Handa, CarolynaDiscord And DirectionbThe Postmodern Writing Program Administrator bUniversity Press of Coloradoc2005 aEducation aEnglish language -- Rhetoric -- Study and teaching; Report writing -- Study and teaching (Higher); Postmodernism and higher education; Writing centers -- Administration uwww.jstor.org/stable/10.2307/j.ctt4cgqc0 c353055d353055 001040aCLbCLd2017-12-12l0oPE1404.D576 2005r2017-12-12 00:00:00w2017-12-12yCBE